|
|
|
|
| LEADER |
00000nam0a2200000 4500 |
| 001 |
147436 |
| 005 |
20231031145038.0 |
| 010 |
|
|
|a 502006050X
|
| 020 |
|
|
|a RU
|b 90-22902
|
| 035 |
|
|
|a (RuTPU)RU\TPU\book\159811
|
| 090 |
|
|
|a 147436
|
| 100 |
|
|
|a 20081113d1990 k a0rusy5003 ca
|
| 101 |
0 |
|
|a rus
|
| 102 |
|
|
|a RU
|
| 105 |
|
|
|a a z 001zy
|
| 200 |
1 |
|
|a Линейные сооружения на вечномерзлых грунтах
|e сборник научных трудов
|f АН СССР., Научный совет по криологии Земли ; под ред. И. А. Некрасова
|
| 210 |
|
|
|a Москва
|c Наука
|d 1990
|
| 215 |
|
|
|a 183 с., [1] л. ил.
|c ил.
|d 22 см
|
| 320 |
|
|
|a Библиогр. в конце ст.
|
| 610 |
1 |
|
|a вечная мерзлота
|
| 610 |
1 |
|
|a строительство
|
| 610 |
1 |
|
|a сборники
|
| 610 |
1 |
|
|a вечномерзлые грунты
|
| 610 |
1 |
|
|a линейные сооружения
|
| 610 |
1 |
|
|a геокриология
|
| 610 |
1 |
|
|a нефтепроводы
|
| 610 |
1 |
|
|a газопроводы
|
| 610 |
1 |
|
|a дороги
|
| 610 |
1 |
|
|a кабельные линии
|
| 675 |
|
|
|a 624.139
|z rus
|
| 702 |
|
1 |
|a Некрасов
|b И. А.
|g Игорь Александрович
|4 340
|
| 712 |
0 |
2 |
|a Академия наук СССР (АН СССР)
|b Научный совет по криологии земли
|2 stltpush
|3 (RuTPU)RU\TPU\col\722
|
| 801 |
|
0 |
|a RU
|b RuMRKP
|c 19950417
|g psbo
|
| 801 |
|
1 |
|a RU
|b 63413507
|c 20081113
|g PSBO
|
| 801 |
|
2 |
|a RU
|b 63413507
|c 20110610
|g PSBO
|
| 942 |
|
|
|c BK
|